|
|
|
|
| LEADER |
03023nam a2200781 i 4500 |
| 001 |
nkc20223455758 |
| 003 |
CZ PrNK |
| 005 |
20240916145646.0 |
| 007 |
ta |
| 008 |
220921s2024 xr acehf c 000 0bcze |
| 015 |
|
|
|a cnb003455758
|
| 020 |
|
|
|a 978-80-88308-91-1
|q (vázáno)
|
| 035 |
|
|
|a (OCoLC)1455302483
|
| 040 |
|
|
|a BOA001
|b cze
|e rda
|
| 041 |
1 |
|
|a cze
|a eng
|a ger
|h cze
|
| 043 |
|
|
|a e-xr---
|a ec-----
|
| 045 |
|
|
|a w4w9
|
| 072 |
|
7 |
|a 72
|x Architektura
|2 Konspekt
|9 21
|
| 072 |
|
7 |
|a 929
|x Biografie
|2 Konspekt
|9 8
|
| 080 |
|
|
|a 72.071.1
|2 MRF
|
| 080 |
|
|
|a 72(437.3)
|2 MRF
|
| 080 |
|
|
|a 72
|2 MRF
|
| 080 |
|
|
|a 72.033.3
|2 MRF
|
| 080 |
|
|
|a 316.73:28
|2 MRF
|
| 080 |
|
|
|a 929
|2 MRF
|
| 080 |
|
|
|a (437.3)
|2 MRF
|
| 080 |
|
|
|a (4-191.2)
|2 MRF
|
| 080 |
|
|
|a (048.8)
|2 MRF
|
| 080 |
|
|
|a (083.82)
|2 MRF
|
| 100 |
1 |
|
|a Němeček, Milan,
|d 1976-
|7 jo2003193387
|4 aut
|
| 245 |
1 |
0 |
|a František Schmoranz mladší/Jr (1845-1892) :
|b architekt, designér a učitel = the architect, designer and teacher /
|c Milan Němeček, Jindřich Vybíral ; překlad: Peter Gaffney
|
| 246 |
1 |
4 |
|a František Schmoranz mladší/Jr
|
| 246 |
1 |
8 |
|a Schmoranz
|
| 250 |
|
|
|a Vydání první
|
| 264 |
|
1 |
|a [Praha] :
|b Vysoká škola uměleckoprůmyslová v Praze,
|c 2024
|
| 300 |
|
|
|a 270 stran :
|b ilustrace (některé barevné), portréty, plány, faksimile ;
|c 28 cm
|
| 336 |
|
|
|a text
|b txt
|2 rdacontent
|
| 336 |
|
|
|a statický obraz
|b sti
|2 rdacontent
|
| 337 |
|
|
|a bez média
|b n
|2 rdamedia
|
| 338 |
|
|
|a svazek
|b nc
|2 rdacarrier
|
| 504 |
|
|
|a Obsahuje bibliografické odkazy
|
| 546 |
|
|
|a Převážně souběžný anglický text, částečně německý text
|
| 600 |
1 |
7 |
|a Schmoranz, František,
|d 1845-1892
|7 jo2001100097
|2 czenas
|
| 648 |
|
4 |
|a 1845-1892
|
| 648 |
|
7 |
|a 19. století
|7 ch460557
|2 czenas
|
| 650 |
0 |
7 |
|a architekti
|7 ph118582
|z Česko
|y 19. století
|2 czenas
|
| 650 |
0 |
7 |
|a česká architektura
|7 ph128102
|y 19. století
|2 czenas
|
| 650 |
0 |
7 |
|a architektura
|7 ph118586
|z Evropa střední
|y 19. století
|2 czenas
|
| 650 |
0 |
7 |
|a islámská architektura
|7 ph121211
|2 czenas
|
| 650 |
0 |
7 |
|a kulturní vlivy (islámské)
|7 ph517029
|z Evropa střední
|y 19. století
|2 czenas
|
| 650 |
0 |
9 |
|a architects
|z Czechia
|y 19th century
|2 eczenas
|
| 650 |
0 |
9 |
|a Czech architecture
|y 19th century
|2 eczenas
|
| 650 |
0 |
9 |
|a architecture
|z Europe, Central
|y 19th century
|2 eczenas
|
| 650 |
0 |
9 |
|a Islamic architecture
|2 eczenas
|
| 650 |
0 |
9 |
|a culture's influence (Islamic)
|z Europe, Central
|y 19th century
|2 eczenas
|
| 655 |
|
7 |
|a monografie
|7 fd132842
|2 czenas
|
| 655 |
|
7 |
|a katalogy
|7 fd132535
|2 czenas
|
| 655 |
|
9 |
|a monographs
|2 eczenas
|
| 655 |
|
9 |
|a catalogs
|2 eczenas
|
| 700 |
1 |
|
|a Vybíral, Jindřich,
|d 1960-
|7 jn19990216185
|4 aut
|
| 700 |
1 |
|
|a Gaffney, Peter
|7 jo20221143174
|4 trl
|
| 910 |
2 |
|
|a BOA001
|b 3-1528.168
|
| 928 |
9 |
|
|a Academy of Arts, Architecture and Design
|
| 928 |
9 |
|
|a UMPRUM
|
| 990 |
|
|
|a BK
|
| 995 |
|
|
|a 01
|
| 991 |
|
|
|b 202407
|c NOV
|
| 996 |
6 |
|
|b 2610972821
|c 3-1528.168
|l MZK
|r Sklad / do 1 hodiny
|n 0
|p p.v.
|w 001968765
|u 000010
|a 1
|e BOA001
|j MZK50
|s P
|